000
00219 a2200097 4500
001
56067
100
_a
245
_a
Iron hand ; smashing the enemy's air defences
260
_a
USA
_b
P B H
_c
2002
090
_c
34741
_d
34741
942
_a
NUST-CAE
_c
_c
27493
999
_c
291140
_d
291140